Genta

Saved in:
Bibliographic Details
Main Author: Lokman Hakim (Author)
Format: Book
Language:Malay
Published: Selangor Gerak budaya 2020
Subjects:
Tags: Add Tag
No Tags, Be the first to tag this record!
Call Number :PL 5139.L65 GEN 2020

MARC

LEADER 00000nam a2200000 c 4500
001 55849
003 MY-KLNDU
005 20241219015128.0
008 221104 2020 my 000 1 may d
020 |a 9789670311531 
039 9 |a 202211041245  |b VLOAD  |c 202105041132  |d hainim  |y 202010151419  |z shahrim 
040 |a UPNM  |b eng  |c UPNM  |e rda 
090 |a PL 5139.L65  |b GEN 2020 
100 0 |a Lokman Hakim  |e author 
245 1 0 |a Genta  |c Lokman Hakim 
264 1 |a Selangor  |b Gerak budaya  |c 2020 
300 |a 153 pages  |c 19 cm 
336 |a text  |2 rdacontent 
337 |a unmediated  |2 rdamedia 
338 |a volume  |2 rdacarrier 
592 |a 20200278  |b 28/12/2020  |c RM 25.00  |h Nijuyon 
650 0 |a Malay fiction 
999 |a vtls000066607  |c 55849  |d 55849